[Event "2. Bundesliga West 2005/2006"]
[Site "AUT"]
[Date "2006.01.22"]
[Round "8"]
[White "Novkovic, Milan"]
[Black "Pitl, Gregory"]
[Result "0-1"]
[WhiteElo "2402"]
[BlackElo "2365"]
[PlyCount "89"]
[EventDate "2005.10.??"]
[EventType "team"]
[EventRounds "11"]
[EventCountry "AUT"]
[WhiteTeam "Hohenems V"]
[BlackTeam "Inter Salzburg VIII"]
[WhiteTeamCountry "AUT"]
[BlackTeamCountry "AUT"]

1. Nf3 d5 2. c4 c6 3. e3 Nf6 4. Nc3 a6 5. b3 Bg4 6. Be2 e6 7. Bb2 Nbd7 8. d4
Bd6 9. O-O Qb8 10. h3 Bh5 11. Qc2 O-O 12. e4 dxe4 13. Nxe4 Nxe4 14. Qxe4 Re8
15. Ne5 Bxe2 16. Qxe2 Qc7 17. Rad1 Rad8 18. Ng4 Nf8 19. h4 Qe7 20. h5 h6 21.
Rd3 Nh7 22. Rfd1 f6 23. Bc1 Qf7 24. Rh3 Bb8 25. Bxh6 f5 26. Ne5 Bxe5 27. Qxe5
gxh6 28. Rg3+ Kf8 29. Rg6 c5 30. Qxc5+ Re7 31. d5 e5 32. Rxh6 Rdd7 33. Re1 e4
34. Rg6 Nf6 35. Qd4 Ng8 36. Re3 Qh7 37. Reg3 Nh6 38. R3g5 Rf7 39. Qc5+ Rfe7 40.
d6 Re8 41. Rf6+ Nf7 42. Rgxf5 Red8 43. Qd5 Re8 44. Qd4 Re6 45. Rxf7+ 0-1

[Event "2. Bundesliga West 2005/2006"]
[Site "AUT"]
[Date "2006.01.22"]
[Round "8"]
[White "Pitschka, Klaus"]
[Black "Drabke, Lorenz Maximilian"]
[Result "1/2-1/2"]
[WhiteElo "2246"]
[BlackElo "2405"]
[PlyCount "84"]
[EventDate "2005.10.??"]
[EventType "team"]
[EventRounds "11"]
[EventCountry "AUT"]
[WhiteTeam "Inter Salzburg VIII"]
[BlackTeam "Hohenems V"]
[WhiteTeamCountry "AUT"]
[BlackTeamCountry "AUT"]

1. d4 d5 2. c4 c6 3. cxd5 cxd5 4. Nf3 Nf6 5. Nc3 Nc6 6. Bf4 a6 7. e3 Bg4 8. Be2
e6 9. O-O Bd6 10. Bxd6 Qxd6 11. Rc1 Bxf3 12. Bxf3 O-O 13. Na4 Nd7 14. Nc5 b6
15. Nxd7 Qxd7 16. Rc3 Rfc8 17. Qd2 Na7 18. Rfc1 a5 19. Be2 Rxc3 20. Rxc3 Rc8
21. Bd3 g6 22. g3 Kg7 23. Kf1 Rxc3 24. Qxc3 Nc8 25. b4 axb4 26. Qxb4 Qc7 27.
Kg2 Nd6 28. h4 Qc6 29. a4 Nc4 30. Be2 h6 31. Bd3 Kg8 32. Be2 Kg7 33. Bd3 Qc7
34. Be2 Qb7 35. Kf1 Qc6 36. Kg2 Kg8 37. Bd3 e5 38. dxe5 d4+ 39. e4 Nxe5 40.
Qxd4 Nxd3 41. Qxd3 Qxa4 42. Qd8+ Kh7 1/2-1/2

[Event "2. Bundesliga West 2005/2006"]
[Site "AUT"]
[Date "2006.01.22"]
[Round "8"]
[White "Heinritz, Dietmar"]
[Black "Platzgummer, Fabian"]
[Result "0-1"]
[WhiteElo "1899"]
[BlackElo "2039"]
[PlyCount "50"]
[EventDate "2005.10.??"]
[EventType "team"]
[EventRounds "11"]
[EventCountry "AUT"]
[WhiteTeam "Lochau XII"]
[BlackTeam "Zillertal II"]
[WhiteTeamCountry "AUT"]
[BlackTeamCountry "AUT"]

1. d4 Nf6 2. c4 e6 3. Nf3 d5 4. e3 c6 5. Nc3 Nbd7 6. Bd3 dxc4 7. Bxc4 b5 8. Bd3
a6 9. e4 c5 10. Bg5 cxd4 11. Nxd4 Ne5 12. Bc2 Nc4 13. Rb1 Bb4 14. Nde2 Qc7 15.
Bxf6 gxf6 16. O-O Bb7 17. Qc1 Rg8 18. a4 Ne5 19. Qf4 Ke7 20. h3 Rg7 21. Rfc1
Rag8 22. g3 Bd6 23. Qe3 Nc4 24. Qd3 Bc5 25. Kg2 Rd8 0-1

[Event "2. Bundesliga West 2005/2006"]
[Site "AUT"]
[Date "2006.01.22"]
[Round "8"]
[White "Lanka, Zigurds"]
[Black "Mrva, Martin"]
[Result "1-0"]
[WhiteElo "2510"]
[BlackElo "2490"]
[PlyCount "71"]
[EventDate "2005.10.??"]
[EventType "team"]
[EventRounds "11"]
[EventCountry "AUT"]
[WhiteTeam "Zillertal II"]
[BlackTeam "Lochau XII"]
[WhiteTeamCountry "AUT"]
[BlackTeamCountry "AUT"]

1. e4 c5 2. Nf3 Nc6 3. d4 cxd4 4. Nxd4 Nf6 5. Nc3 d6 6. Bg5 e6 7. Qd2 Qb6 8.
Nb3 a6 9. O-O-O Be7 10. f4 O-O 11. Kb1 h6 12. Bxf6 Bxf6 13. g4 Bh4 14. Be2 Bf2
15. Rdf1 Be3 16. Qe1 a5 17. a4 Nb4 18. Bb5 e5 19. f5 Rd8 20. Rf3 Bf4 21. h4 Bd7
22. Bxd7 Rxd7 23. g5 d5 24. f6 d4 25. Qg1 Qc7 26. Rxf4 dxc3 27. gxh6 g6 28. h7+
Kh8 29. Qg5 cxb2 30. Rf2 Qd8 31. Kxb2 Rc7 32. h5 Rac8 33. hxg6 fxg6 34. f7 Qd6
35. Kb1 Rf8 36. Rf6 1-0

[Event "2. Bundesliga West 2005/2006"]
[Site "AUT"]
[Date "2006.01.22"]
[Round "8"]
[White "Novkovic, Julia"]
[Black "Maiwald, Jens Uwe"]
[Result "0-1"]
[WhiteElo "2145"]
[BlackElo "2502"]
[PlyCount "44"]
[EventDate "2005.10.??"]
[EventType "team"]
[EventRounds "11"]
[EventCountry "AUT"]
[WhiteTeam "Lochau XII"]
[BlackTeam "Zillertal II"]
[WhiteTeamCountry "AUT"]
[BlackTeamCountry "AUT"]

1. e4 d6 2. Nc3 g6 3. d4 c6 4. Be3 Bg7 5. Qd2 Nd7 6. a4 Ngf6 7. Bh6 Bxh6 8.
Qxh6 Qa5 9. Qd2 e5 10. Nf3 O-O 11. Be2 Kg7 12. O-O Re8 13. Rfe1 Nf8 14. Rad1
Bg4 15. h3 Bxf3 16. Bxf3 Ne6 17. dxe5 dxe5 18. Qe3 Nd4 19. Rd2 Rad8 20. Bd1 Qb6
21. a5 Qxb2 22. f4 exf4 0-1

[Event "2. Bundesliga West 2005/2006"]
[Site "AUT"]
[Date "2006.01.22"]
[Round "8"]
[White "Halasz, Tamas"]
[Black "Schmidt, Georg"]
[Result "0-1"]
[WhiteElo "2376"]
[BlackElo "2363"]
[PlyCount "56"]
[EventDate "2005.10.??"]
[EventType "team"]
[EventRounds "11"]
[EventCountry "AUT"]
[WhiteTeam "Woergl IV"]
[BlackTeam "Mozart 1910 VI"]
[WhiteTeamCountry "AUT"]
[BlackTeamCountry "AUT"]

1. d4 e6 2. Nf3 Nf6 3. c4 b6 4. g3 Ba6 5. b3 Bb4+ 6. Bd2 Be7 7. Bg2 c6 8. Bc3
d5 9. Nbd2 Nbd7 10. O-O O-O 11. Re1 c5 12. Rc1 Rc8 13. Bb2 b5 14. cxd5 Nxd5 15.
dxc5 Nxc5 16. Ne5 f6 17. Nef3 Qb6 18. Nd4 Rfd8 19. Ne4 b4 20. Nxc5 Rxc5 21. Bh3
Nc7 22. e3 e5 23. Nf5 Rxd1 24. Nxg7 Kf7 25. Rcxd1 Kxg7 26. Rd7 Kf8 27. Red1 Ne8
28. Rd8 Rc2 0-1

[Event "2. Bundesliga West 2005/2006"]
[Site "AUT"]
[Date "2006.01.22"]
[Round "8"]
[White "Hamberger, Hermann"]
[Black "Mittelberger, Peter"]
[Result "1/2-1/2"]
[WhiteElo "2129"]
[BlackElo "2235"]
[PlyCount "103"]
[EventDate "2005.10.??"]
[EventType "team"]
[EventRounds "11"]
[EventCountry "AUT"]
[WhiteTeam "Mozart 1910 VI"]
[BlackTeam "Woergl IV"]
[WhiteTeamCountry "AUT"]
[BlackTeamCountry "AUT"]

1. e4 d6 2. d4 Nf6 3. Nc3 g6 4. Be2 Bg7 5. h4 h5 6. Bg5 c6 7. Qd2 Qc7 8. f3 b5
9. Nd1 a6 10. Nf2 c5 11. c3 Nbd7 12. Ngh3 Nb6 13. O-O Bxh3 14. Nxh3 Rc8 15. Be3
O-O 16. Rac1 e5 17. dxe5 dxe5 18. Rcd1 Rfd8 19. Qc1 c4 20. Rxd8+ Rxd8 21. Rd1
Rxd1+ 22. Qxd1 Na4 23. Qd2 Bf8 24. Bd1 Nc5 25. Nf2 Ne6 26. g3 Bc5 27. Kg2 Kf8
28. Bc2 Ke7 29. a4 Qd6 30. Qe2 Bxe3 31. Qxe3 Nc5 32. axb5 axb5 33. Qg5 Ke8 34.
Qc1 Nfd7 35. Qa1 Qc6 36. Qa7 Qb6 37. Qa8+ Ke7 38. Qd5 Qd6 39. Qd1 Nb6 40. Kf1
Nba4 41. Bxa4 Nxa4 42. Qc2 Nc5 43. Qc1 Nd3 44. Qg5+ Ke6 45. Qd2 Nc5 46. Ke2 Na4
47. Qxd6+ Kxd6 48. Nd1 Nc5 49. Nf2 Kc6 50. Kd2 Kd6 51. Kc2 f5 52. Kd2 1/2-1/2

[Event "2. Bundesliga West 2005/2006"]
[Site "AUT"]
[Date "2006.01.22"]
[Round "8"]
[White "Opl, Klaus"]
[Black "Blaskowski, Johannes"]
[Result "1-0"]
[WhiteElo "2333"]
[BlackElo "2366"]
[PlyCount "67"]
[EventDate "2005.10.??"]
[EventType "team"]
[EventRounds "11"]
[EventCountry "AUT"]
[WhiteTeam "Mozart 1910 VI"]
[BlackTeam "Woergl IV"]
[WhiteTeamCountry "AUT"]
[BlackTeamCountry "AUT"]

1. e4 c5 2. Nc3 Nc6 3. f4 g6 4. Nf3 Bg7 5. Bb5 Nd4 6. O-O a6 7. Bd3 d6 8. Nxd4
Bxd4+ 9. Kh1 Nf6 10. Ne2 Bg4 11. c3 c4 12. Bxc4 Ba7 13. d3 d5 14. exd5 b5 15.
Bb3 Nxd5 16. Qe1 O-O 17. Ng3 Nf6 18. h3 Bc8 19. f5 Qxd3 20. Bh6 Qd7 21. fxg6
hxg6 22. Rxf6 exf6 23. Qe4 Kh7 24. Bxf8 Bb7 25. Qh4+ Kg8 26. Qh6 Rxf8 27. Qxg6+
Kh8 28. Qh6+ Kg8 29. Qg6+ Kh8 30. Qxf6+ Kg8 31. Nf5 Bxg2+ 32. Kxg2 Qb7+ 33. Kh2
Bb8+ 34. Nd6 1-0

[Event "2. Bundesliga West 2005/2006"]
[Site "AUT"]
[Date "2006.03.17"]
[Round "9"]
[White "Grundherr, Martin"]
[Black "Loeffler, Christoph"]
[Result "1-0"]
[WhiteElo "2299"]
[BlackElo "2177"]
[PlyCount "79"]
[EventDate "2005.10.??"]
[EventType "team"]
[EventRounds "11"]
[EventCountry "AUT"]
[WhiteTeam "Woergl IV"]
[BlackTeam "ASK Salzburg XI"]
[WhiteTeamCountry "AUT"]
[BlackTeamCountry "AUT"]

1. e4 c6 2. d4 d5 3. exd5 cxd5 4. Bd3 Nf6 5. c3 Nc6 6. h3 e5 7. dxe5 Nxe5 8.
Nf3 Nxd3+ 9. Qxd3 Be7 10. O-O O-O 11. Nbd2 Qc7 12. Re1 a6 13. Nf1 b5 14. Bg5
Be6 15. Ng3 h6 16. Bxf6 Bxf6 17. Nh5 Qd8 18. Rad1 Re8 19. Nd4 Bxd4 20. Qxd4 Qg5
21. Re5 f5 22. Nf4 Bf7 23. Rde1 Kh7 24. g3 Rxe5 25. Rxe5 Rc8 26. Qd3 g6 27. Qe3
Qd8 28. Qa7 Rc7 29. Qxa6 d4 30. Qxb5 dxc3 31. bxc3 Rxc3 32. Nd5 Rc1+ 33. Kh2
Rd1 34. Re7 Kg8 35. Rd7 Qa8 36. Nf6+ Kg7 37. Rxd1 Kxf6 38. Qb2+ Ke7 39. Qe5+
Be6 40. Qg7+ 1-0

[Event "2. Bundesliga West 2005/2006"]
[Site "AUT"]
[Date "2006.03.17"]
[Round "9"]
[White "Juergens, Klaus"]
[Black "Blaskowski, Johannes"]
[Result "0-1"]
[WhiteElo "2183"]
[BlackElo "2366"]
[PlyCount "104"]
[EventDate "2005.10.??"]
[EventType "team"]
[EventRounds "11"]
[EventCountry "AUT"]
[WhiteTeam "ASK Salzburg XI"]
[BlackTeam "Woergl IV"]
[WhiteTeamCountry "AUT"]
[BlackTeamCountry "AUT"]

1. Nf3 Nf6 2. c4 e6 3. g3 d5 4. b3 c5 5. Bg2 Nc6 6. O-O Be7 7. d3 O-O 8. e3 b6
9. Bb2 Bb7 10. Nc3 Re8 11. Qe2 Qd7 12. Rfd1 Rad8 13. d4 cxd4 14. exd4 dxc4 15.
bxc4 Qc8 16. Rac1 Na5 17. Ne5 Bxg2 18. Kxg2 Nd7 19. Ne4 Nxe5 20. dxe5 Rxd1 21.
Qxd1 Qc6 22. Qf3 Rc8 23. Nd6 Bxd6 24. exd6 Qxd6 25. Qg4 Qf8 26. h4 Nb7 27. Rd1
Nc5 28. h5 h6 29. Bf6 Kh7 30. Ba1 Kh8 31. Qf4 f6 32. Bd4 Kg8 33. Qg4 Qe7 34.
Re1 Qf7 35. Bxc5 Rxc5 36. Rd1 Qe7 37. Qf3 Rc8 38. Qe4 Kf7 39. Qg6+ Kf8 40. Qh7
Qf7 41. Rd6 f5 42. Rd4 Ke7 43. g4 Qf6 44. Rf4 Qg5 45. Kg3 Kd6 46. Rd4+ Kc5 47.
Rd7 Qxg4+ 48. Kh2 Qxh5+ 49. Kg1 Qg4+ 50. Kf1 Qxc4+ 51. Kg1 Qg4+ 52. Kh2 Kb5 0-1

[Event "2. Bundesliga West 2005/2006"]
[Site "AUT"]
[Date "2006.03.17"]
[Round "9"]
[White "Scheiblmaier, Robert"]
[Black "Bertagnolli, Alexander"]
[Result "0-1"]
[WhiteElo "2159"]
[BlackElo "2281"]
[PlyCount "112"]
[EventDate "2005.10.??"]
[EventType "team"]
[EventRounds "11"]
[EventCountry "AUT"]
[WhiteTeam "ASK Salzburg XI"]
[BlackTeam "Woergl IV"]
[WhiteTeamCountry "AUT"]
[BlackTeamCountry "AUT"]

1. d4 Nf6 2. c4 e6 3. g3 Bb4+ 4. Nd2 O-O 5. Bg2 Nc6 6. Ngf3 d5 7. Qc2 Re8 8.
O-O dxc4 9. Qxc4 Qd5 10. e3 b6 11. Ne5 Qxc4 12. Ndxc4 Nxe5 13. Nxe5 Ba6 14. Rd1
Be2 15. Bd2 Bxd1 16. Bxb4 Be2 17. Bxa8 Rxa8 18. Rc1 Nd5 19. Ba3 f6 20. Nc6 Bf3
21. Ne7+ Nxe7 22. Bxe7 c6 23. Kf1 Kf7 24. Ba3 Rd8 25. Bb4 Kg6 26. Bc3 Kf5 27.
a4 h5 28. a5 h4 29. Ke1 e5 30. axb6 axb6 31. Ra1 exd4 32. Bxd4 c5 33. Bc3 Ke4
34. Bd2 Rh8 35. Ra4+ Kd3 36. g4 Rd8 37. h3 Kc2 38. Rf4 Bg2 39. Bc3 Bxh3 40. f3
Rd1+ 41. Ke2 b5 42. Rf5 b4 43. Rxc5 Bf1+ 44. Kf2 bxc3 45. Rxc3+ Kxb2 46. Rc7
Bd3 47. Rxg7 Rd2+ 48. Kg1 Be2 49. Rh7 Bxf3 50. Rxh4 Rg2+ 51. Kf1 Rxg4 52. Rh6
f5 53. Rd6 Kc3 54. Kf2 Be4 55. Rd8 Rg2+ 56. Kf1 Rd2 0-1

[Event "2. Bundesliga West 2005/2006"]
[Site "AUT"]
[Date "2006.03.17"]
[Round "9"]
[White "Teufl, Siegfried"]
[Black "Neuschmied, Siegfried"]
[Result "1/2-1/2"]
[WhiteElo "2184"]
[BlackElo "2251"]
[PlyCount "46"]
[EventDate "2005.10.??"]
[EventType "team"]
[EventRounds "11"]
[EventCountry "AUT"]
[WhiteTeam "ASK Salzburg XI"]
[BlackTeam "Woergl IV"]
[WhiteTeamCountry "AUT"]
[BlackTeamCountry "AUT"]

1. e4 c5 2. c3 d5 3. exd5 Qxd5 4. d4 Nf6 5. Nf3 e6 6. Be2 Nc6 7. Na3 Qd8 8. Nc2
Be7 9. O-O O-O 10. dxc5 Bxc5 11. Be3 Bxe3 12. Nxe3 b6 13. Qa4 Qc7 14. Rad1 Bb7
15. Ba6 Bxa6 16. Qxa6 Rfd8 17. Qc4 Qb7 18. Nd4 Ne5 19. Qe2 Rd7 20. f4 Ng6 21.
f5 exf5 22. Nexf5 Re8 23. Qf2 Ne4 1/2-1/2

[Event "2. Bundesliga West 2005/2006"]
[Site "AUT"]
[Date "2006.03.17"]
[Round "9"]
[White "Atlas, Dimitry"]
[Black "Duer, Werner"]
[Result "1-0"]
[WhiteElo "2330"]
[BlackElo "2249"]
[PlyCount "81"]
[EventDate "2005.10.??"]
[EventType "team"]
[EventRounds "11"]
[EventCountry "AUT"]
[WhiteTeam "Hohenems V"]
[BlackTeam "Absam"]
[WhiteTeamCountry "AUT"]
[BlackTeamCountry "AUT"]

1. e4 c6 2. d4 d5 3. e5 Bf5 4. Nc3 Qb6 5. g4 Bd7 6. Bg2 e6 7. Nge2 h5 8. gxh5
Rxh5 9. O-O Ne7 10. Na4 Qc7 11. Ng3 Rh7 12. Nc5 g6 13. Bg5 Nf5 14. Nxd7 Nxd7
15. Rc1 Nb6 16. Nxf5 gxf5 17. b3 Ba3 18. Rb1 Be7 19. Bf4 O-O-O 20. a4 Rg8 21.
Kh1 Qd8 22. Qd2 Bg5 23. Bxg5 Rxg5 24. h3 Qg8 25. Rg1 Rhg7 26. f4 Rg3 27. Rbe1
Rh7 28. Re3 Rhxh3+ 29. Bxh3 Rxg1+ 30. Kh2 Rg7 31. a5 Nd7 32. c4 Qd8 33. cxd5
cxd5 34. a6 Rg8 35. Qb4 Nb6 36. Rc3+ Kb8 37. axb7 Kxb7 38. Qc5 Qh4 39. Qc6+ Ka6
40. Rf3 Qh5 41. Rf2 1-0

[Event "2. Bundesliga West 2005/2006"]
[Site "AUT"]
[Date "2006.03.17"]
[Round "9"]
[White "Drabke, Lorenz Maximilian"]
[Black "Teske, Henrik"]
[Result "1/2-1/2"]
[WhiteElo "2405"]
[BlackElo "2487"]
[PlyCount "22"]
[EventDate "2005.10.??"]
[EventType "team"]
[EventRounds "11"]
[EventCountry "AUT"]
[WhiteTeam "Hohenems V"]
[BlackTeam "Absam"]
[WhiteTeamCountry "AUT"]
[BlackTeamCountry "AUT"]

1. e4 e5 2. Bc4 Nf6 3. d3 c6 4. Nf3 d5 5. Bb3 a5 6. a3 Bd6 7. exd5 cxd5 8. O-O
O-O 9. Re1 Nbd7 10. Nbd2 Bc7 11. h3 h6 1/2-1/2

[Event "2. Bundesliga West 2005/2006"]
[Site "AUT"]
[Date "2006.03.17"]
[Round "9"]
[White "Gerhold, Michael"]
[Black "Grabher, Heinz"]
[Result "1-0"]
[WhiteElo "2209"]
[BlackElo "2279"]
[PlyCount "91"]
[EventDate "2005.10.??"]
[EventType "team"]
[EventRounds "11"]
[EventCountry "AUT"]
[WhiteTeam "Absam"]
[BlackTeam "Hohenems V"]
[WhiteTeamCountry "AUT"]
[BlackTeamCountry "AUT"]

1. Nf3 Nc6 2. d4 d5 3. c4 Bg4 4. Nc3 e6 5. Bf4 Bxf3 6. gxf3 Bb4 7. e3 Nge7 8.
Qb3 O-O 9. O-O-O dxc4 10. Qxc4 Bxc3 11. bxc3 Nd5 12. Bg3 Qe7 13. Qb3 Na5 14.
Qb2 c5 15. Qa3 b6 16. e4 cxd4 17. Qxe7 Nxe7 18. Bd6 Rfe8 19. Bb5 Nec6 20. cxd4
Red8 21. d5 Nd4 22. Rxd4 Rxd6 23. Rhd1 Rad8 24. dxe6 Rc8+ 25. Kb2 Rxd4 26. Rxd4
fxe6 27. Bd7 Rc7 28. Bxe6+ Kf8 29. f4 Ke7 30. f5 Nb7 31. Bd5 Nc5 32. f4 Kf6 33.
Bb3 Nxb3 34. axb3 Ke7 35. Rd3 Rc6 36. Rh3 h6 37. e5 Rc5 38. Rc3 Ra5 39. Rc7+
Kf8 40. Kc3 Ra2 41. Kd4 Rxh2 42. Kd5 Rf2 43. Ke6 Kg8 44. Rc8+ Kh7 45. f6 gxf6
46. exf6 1-0

[Event "2. Bundesliga West 2005/2006"]
[Site "AUT"]
[Date "2006.03.17"]
[Round "9"]
[White "Pilz, Dieter"]
[Black "Gaertner, Guntram"]
[Result "1/2-1/2"]
[WhiteElo "2331"]
[BlackElo "2368"]
[PlyCount "29"]
[EventDate "2005.10.??"]
[EventType "team"]
[EventRounds "11"]
[EventCountry "AUT"]
[WhiteTeam "Absam"]
[BlackTeam "Hohenems V"]
[WhiteTeamCountry "AUT"]
[BlackTeamCountry "AUT"]

1. e4 c6 2. Nc3 d5 3. Nf3 Bg4 4. h3 Bxf3 5. Qxf3 e6 6. a3 dxe4 7. Nxe4 Nd7 8.
d4 Ngf6 9. c3 Nxe4 10. Qxe4 Nf6 11. Qf3 Qc7 12. Bc4 Be7 13. Be3 Nd5 14. O-O
Nxe3 15. Qxe3 1/2-1/2

[Event "2. Bundesliga West 2005/2006"]
[Site "AUT"]
[Date "2006.03.17"]
[Round "9"]
[White "Lickleder, Andreas"]
[Black "Herbrechtsmeier, Christof"]
[Result "1/2-1/2"]
[WhiteElo "2240"]
[BlackElo "2286"]
[PlyCount "37"]
[EventDate "2005.10.??"]
[EventType "team"]
[EventRounds "11"]
[EventCountry "AUT"]
[WhiteTeam "Inter Salzburg VIII"]
[BlackTeam "Bregenz X"]
[WhiteTeamCountry "AUT"]
[BlackTeamCountry "AUT"]

1. e4 c5 2. Nf3 g6 3. d4 cxd4 4. Qxd4 Nf6 5. Bb5 Nc6 6. Qa4 Bg7 7. Nc3 Qc7 8.
O-O O-O 9. Bg5 Ne5 10. Nxe5 Qxe5 11. Bh4 d6 12. f4 Qh5 13. Bg3 Be6 14. Rae1 a6
15. Bd3 b5 16. Qa5 Qc5+ 17. Bf2 Qc8 18. Bd4 Ng4 19. Bxg7 1/2-1/2

[Event "2. Bundesliga West 2005/2006"]
[Site "AUT"]
[Date "2006.03.17"]
[Round "9"]
[White "Volke, Karsten"]
[Black "Gasthofer, Alexander"]
[Result "1/2-1/2"]
[WhiteElo "2473"]
[BlackElo "2418"]
[PlyCount "36"]
[EventDate "2005.10.??"]
[EventType "team"]
[EventRounds "11"]
[EventCountry "AUT"]
[WhiteTeam "Bregenz X"]
[BlackTeam "Inter Salzburg VIII"]
[WhiteTeamCountry "AUT"]
[BlackTeamCountry "AUT"]

1. d4 d5 2. c4 e6 3. Nf3 Nf6 4. Nc3 Be7 5. Bg5 h6 6. Bxf6 Bxf6 7. e4 dxe4 8.
Nxe4 Nc6 9. Nxf6+ Qxf6 10. Qd2 b6 11. O-O-O Bb7 12. d5 Ne7 13. dxe6 Qxe6 14.
Re1 Qf6 15. Qd4 Qxd4 16. Nxd4 O-O-O 17. Rxe7 Rxd4 18. Be2 Re4 1/2-1/2

[Event "2. Bundesliga West 2005/2006"]
[Site "AUT"]
[Date "2006.03.17"]
[Round "9"]
[White "Hugentobler, Patrick"]
[Black "Jedinger, Andreas"]
[Result "1/2-1/2"]
[WhiteElo "2234"]
[BlackElo "2128"]
[PlyCount "88"]
[EventDate "2005.10.??"]
[EventType "team"]
[EventRounds "11"]
[EventCountry "AUT"]
[WhiteTeam "Lustenau VII"]
[BlackTeam "Innsbruck Rochade III"]
[WhiteTeamCountry "AUT"]
[BlackTeamCountry "AUT"]

1. e4 e5 2. Nf3 Nc6 3. Bb5 a6 4. Bxc6 dxc6 5. O-O Bg4 6. h3 h5 7. d3 Qf6 8.
Nbd2 Ne7 9. Re1 Ng6 10. d4 Bd6 11. hxg4 hxg4 12. Nh2 Rxh2 13. Qxg4 Rh4 14. Qf5
exd4 15. Nf3 Rh7 16. Bg5 Qe6 17. Qxe6+ fxe6 18. Nxd4 c5 19. Nf3 Ne5 20. Nxe5
Bxe5 21. c3 c4 22. Rad1 g6 23. g3 b5 24. Be3 Rd8 25. Rxd8+ Kxd8 26. Rd1+ Rd7
27. Rxd7+ Kxd7 28. f4 Bd6 29. Kf2 Ke8 30. Kf3 Kf7 31. e5 Bf8 32. Ke4 c6 33. Bb6
Be7 34. Kd4 g5 35. Bc5 Bd8 36. Ke4 gxf4 37. gxf4 Kg6 38. Be3 Be7 39. Bd4 Bd8
40. Bc5 Bh4 41. Be3 Be7 42. Bd4 Bd8 43. Bc5 Bh4 44. Be3 Be7 1/2-1/2

[Event "2. Bundesliga West 2005/2006"]
[Site "AUT"]
[Date "2006.03.17"]
[Round "9"]
[White "Muehlbacher, Bernhard"]
[Black "Maier, Peter"]
[Result "1/2-1/2"]
[WhiteElo "2116"]
[BlackElo "2178"]
[PlyCount "33"]
[EventDate "2005.10.??"]
[EventType "team"]
[EventRounds "11"]
[EventCountry "AUT"]
[WhiteTeam "Innsbruck Rochade III"]
[BlackTeam "Lustenau VII"]
[WhiteTeamCountry "AUT"]
[BlackTeamCountry "AUT"]

1. c4 g6 2. Nc3 Bg7 3. g3 d6 4. Bg2 e5 5. e3 Ne7 6. Nge2 O-O 7. O-O Nd7 8. d4
c6 9. b3 Nf5 10. Bb2 Re8 11. Qd2 exd4 12. Nxd4 Nxd4 13. exd4 Nf6 14. Rfe1 Bf5
15. Rxe8+ Qxe8 16. Re1 Qd7 17. d5 1/2-1/2

[Event "2. Bundesliga West 2005/2006"]
[Site "AUT"]
[Date "2006.03.17"]
[Round "9"]
[White "Dovzik, Juri"]
[Black "Planatscher, Alois"]
[Result "1-0"]
[WhiteElo "2405"]
[BlackElo "2156"]
[PlyCount "113"]
[EventDate "2005.10.??"]
[EventType "team"]
[EventRounds "11"]
[EventCountry "AUT"]
[WhiteTeam "Ranshofen IX"]
[BlackTeam "Lochau XII"]
[WhiteTeamCountry "AUT"]
[BlackTeamCountry "AUT"]

1. Nf3 Nf6 2. c4 e6 3. d4 c5 4. Nc3 cxd4 5. Nxd4 Bb4 6. Qb3 Bxc3+ 7. Qxc3 O-O
8. e3 d5 9. a3 Nc6 10. Nxc6 bxc6 11. Be2 Ne4 12. Qc2 f5 13. O-O Bd7 14. f3 Nf6
15. Bd2 e5 16. Bc3 Qb6 17. Qd2 Rfe8 18. Kh1 d4 19. exd4 exd4 20. Bxd4 Rxe2 21.
Qd3 c5 22. Bxf6 Qe6 23. Bc3 Re8 24. Qd5 Qxd5 25. cxd5 Kf7 26. Kg1 g6 27. Rac1
Ke7 28. f4 Ba4 29. Be5 Rc8 30. Rf3 Rd2 31. Rh3 h5 32. b3 Bb5 33. d6+ Ke6 34.
Rg3 Kf7 35. h4 Ba6 36. Rgc3 Rd5 37. b4 c4 38. a4 Rd3 39. R3c2 c3 40. b5 Bb7 41.
Rxc3 Rcxc3 42. Rxc3 Rxc3 43. Bxc3 Ke6 44. Bb4 a6 45. bxa6 Bxa6 46. Kf2 Bc8 47.
a5 Kd5 48. a6 Kc6 49. a7 Bb7 50. Ke3 Kd7 51. g3 Ba8 52. Kd4 Ke6 53. Ba3 Bf3 54.
Bc5 Be4 55. d7 Kxd7 56. Ke5 Kc7 57. Kf6 1-0

[Event "2. Bundesliga West 2005/2006"]
[Site "AUT"]
[Date "2006.03.17"]
[Round "9"]
[White "Drexel, Christof"]
[Black "Ager, Josef"]
[Result "0-1"]
[WhiteElo "2086"]
[BlackElo "2246"]
[PlyCount "66"]
[EventDate "2005.10.??"]
[EventType "team"]
[EventRounds "11"]
[EventCountry "AUT"]
[WhiteTeam "Lochau XII"]
[BlackTeam "Ranshofen IX"]
[WhiteTeamCountry "AUT"]
[BlackTeamCountry "AUT"]

1. g3 Nf6 2. Bg2 g6 3. e4 d6 4. d4 Bg7 5. Ne2 O-O 6. O-O e5 7. dxe5 dxe5 8.
Qxd8 Rxd8 9. Na3 b6 10. f4 Nbd7 11. fxe5 Nxe5 12. Bg5 Ba6 13. Rxf6 h6 14. Rxb6
axb6 15. Bxd8 Rxd8 16. Nc3 Ng4 17. Bf3 Ne3 18. Re1 Bd4 19. Kh1 Bc5 20. Na4 Bxa3
21. Rxe3 Bb4 22. c3 Be7 23. c4 Bxc4 24. Rc3 b5 25. b3 Bf6 26. Rc1 Bg5 27. Rc3
Bf1 28. Nc5 Rd2 29. e5 b4 30. Rc1 Rf2 31. Ne4 Rxf3 32. Nxg5 hxg5 33. Rxc7 Bh3
0-1

[Event "2. Bundesliga West 2005/2006"]
[Site "AUT"]
[Date "2006.03.17"]
[Round "9"]
[White "Mrva, Martin"]
[Black "Medvegy, Zoltan"]
[Result "1-0"]
[WhiteElo "2490"]
[BlackElo "2478"]
[PlyCount "71"]
[EventDate "2005.10.??"]
[EventType "team"]
[EventRounds "11"]
[EventCountry "AUT"]
[WhiteTeam "Lochau XII"]
[BlackTeam "Ranshofen IX"]
[WhiteTeamCountry "AUT"]
[BlackTeamCountry "AUT"]

1. Nf3 Nf6 2. c4 b6 3. g3 Bb7 4. Bg2 e6 5. O-O Be7 6. Re1 c5 7. Nc3 d5 8. Ne5
O-O 9. d4 Nbd7 10. Nxd7 Qxd7 11. dxc5 bxc5 12. cxd5 exd5 13. e4 d4 14. e5 Nd5
15. Ne4 Rab8 16. Bg5 Nc7 17. Qh5 Bxe4 18. Rxe4 Qf5 19. Rh4 Rxb2 20. Be4 Qxf2+
21. Kh1 h6 22. Bxe7 Rxa2 23. Rg1 Ne6 24. Qf5 Qxf5 25. Bxf5 Rc8 26. Rc1 Re2 27.
Bd6 a5 28. Re4 Rxe4 29. Bxe4 c4 30. Bb7 d3 31. Bxc8 d2 32. Rb1 c3 33. Ba6 Nd4
34. Bd3 g5 35. Rb8+ Kg7 36. Bf8+ 1-0

[Event "2. Bundesliga West 2005/2006"]
[Site "AUT"]
[Date "2006.03.17"]
[Round "9"]
[White "Novkovic, Julia"]
[Black "Bensch, Patrick"]
[Result "1-0"]
[WhiteElo "2145"]
[BlackElo "2293"]
[PlyCount "109"]
[EventDate "2005.10.??"]
[EventType "team"]
[EventRounds "11"]
[EventCountry "AUT"]
[WhiteTeam "Lochau XII"]
[BlackTeam "Ranshofen IX"]
[WhiteTeamCountry "AUT"]
[BlackTeamCountry "AUT"]

1. e4 c5 2. Nc3 Nc6 3. g3 g6 4. d3 Bg7 5. Be3 d6 6. Qd2 Rb8 7. Bg2 b5 8. f4 Nd4
9. Nd1 b4 10. h3 a5 11. c3 Nb5 12. Ne2 Nf6 13. c4 Nc7 14. e5 dxe5 15. Bxc5 Bb7
16. Bxb7 Rxb7 17. Be3 Nd7 18. d4 exd4 19. Nxd4 Nc5 20. Nf2 Qd6 21. O-O-O O-O
22. Nf3 Qc6 23. Ne5 Bxe5 24. fxe5 b3 25. a3 Ne4 26. Nxe4 Qxe4 27. Qd3 Qxe5 28.
Bh6 Re8 29. Rhe1 Qc5 30. Qc3 f6 31. Rd7 Rbb8 32. Red1 a4 33. g4 Ne6 34. Kb1
Red8 35. Qe1 Qxc4 36. Qxe6+ Qxe6 37. Rxd8+ Kf7 38. Rxb8 g5 39. Bf8 h5 40. gxh5
Qe2 41. Rbd8 Qxh5 42. R1d7 Qxh3 43. Rxe7+ Kg6 44. Re1 g4 45. Bc5 g3 46. Be3 Qe6
47. Rdd1 g2 48. Rd2 Kh5 49. Rde2 Qf5+ 50. Kc1 Qf1 51. Kd1 f5 52. Bf2 Kg4 53.
Bc5 f4 54. Rxg2+ Qxg2 55. Rg1 1-0